[Event "Tournoi norme de MI"]
[Site "PARIS"]
[Date "????.??.??"]
[Round "7.2"]
[White "Mouhamad, Joachim"]
[Black "Bassini, Emile"]
[Result "1-0"]
[TimeControl "90mn+30s/c"]
[WhiteElo "2301"]
[BlackElo "2382"]

1. e4 {[%clk 01:30:54]} {[%emt 00:00:04]} c5 {[%clk 01:30:53]} {[%emt
00:00:07]} 2. Nf3 {[%clk 01:31:18]} {[%emt 00:00:07]} d6 {[%clk 01:31:19]}
{[%emt 00:00:05]} 3. c3 {[%clk 01:31:42]} {[%emt 00:00:07]} Nf6 {[%clk
01:31:42]} {[%emt 00:00:07]} 4. Bd3 {[%clk 01:32:04]} {[%emt 00:00:07]} g5
{[%clk 01:29:36]} {[%emt 00:02:36]} 5. Bc2 {[%clk 01:29:21]} {[%emt 00:03:13]}
g4 {[%clk 01:28:24]} {[%emt 00:01:43]} 6. Ng1 {[%clk 01:28:33]} {[%emt
00:01:18]} d5 {[%clk 01:10:21]} {[%emt 00:18:33]} 7. d3 {[%clk 01:20:38]}
{[%emt 00:08:25]} Nc6 {[%clk 01:07:47]} {[%emt 00:03:04]} 8. Bg5 {[%clk
01:17:10]} {[%emt 00:03:58]} Bg7 {[%clk 01:04:36]} {[%emt 00:03:42]} 9. Nd2
{[%clk 01:17:19]} {[%emt 00:00:20]} c4 {[%clk 00:46:32]} {[%emt 00:18:35]} 10.
dxc4 {[%clk 01:09:49]} {[%emt 00:08:00]} d4 {[%clk 00:46:55]} {[%emt 00:00:07]}
11. cxd4 {[%clk 01:10:06]} {[%emt 00:00:12]} Qxd4 {[%clk 00:44:16]} {[%emt
00:03:09]} 12. Rb1 {[%clk 01:09:33]} {[%emt 00:01:03]} O-O {[%clk 00:32:31]}
{[%emt 00:12:15]} 13. Ne2 {[%clk 01:09:23]} {[%emt 00:00:39]} Qe5 {[%clk
00:32:47]} {[%emt 00:00:15]} 14. Bf4 {[%clk 01:03:23]} {[%emt 00:06:30]} Qa5
{[%clk 00:31:51]} {[%emt 00:01:26]} 15. a3 {[%clk 00:58:02]} {[%emt 00:05:52]}
Rd8 {[%clk 00:25:16]} {[%emt 00:07:05]} 16. b4 {[%clk 00:57:09]} {[%emt
00:01:23]} Qh5 {[%clk 00:01:14]} {[%emt 00:24:32]} 17. Rb3 {[%clk 00:36:11]}
{[%emt 00:21:28]} e5 {[%clk 00:00:40]} {[%emt 00:03:33]} 18. Be3 {[%clk
00:35:31]} {[%emt 00:01:09]} Bh6 {[%clk 00:00:50]} {[%emt 00:00:20]} 19. O-O
{[%clk 00:27:08]} {[%emt 00:08:53]} Be6 {[%clk 00:00:47]} {[%emt 00:00:33]} 20.
b5 {[%clk 00:20:48]} {[%emt 00:06:50]} Na5 {[%clk 00:00:45]} {[%emt 00:00:32]}
21. Ng3 {[%clk 00:18:34]} {[%emt 00:02:44]} Qg6 {[%clk 00:00:54]} {[%emt
00:00:21]} 22. Nf5 {[%clk 00:16:57]} {[%emt 00:02:07]} Bxf5 {[%clk 00:01:14]}
{[%emt 00:00:10]} 23. exf5 {[%clk 00:17:21]} {[%emt 00:00:05]} Qh5 {[%emt
00:02:25]} 24. Rd3 {[%clk 00:15:42]} Bxe3 {[%clk 00:01:52]} {[%emt 00:00:06]}
25. fxe3 {[%clk 00:15:46]} {[%emt 00:00:26]} Qg5 {[%clk 00:01:57]} {[%emt
00:00:25]} 26. Qe2 {[%clk 00:12:02]} {[%emt 00:04:14]} b6 {[%clk 00:01:56]}
{[%emt 00:00:31]} 27. Rxd8+ {[%clk 00:10:05]} {[%emt 00:02:26]} Rxd8 {[%clk
00:02:25]} {[%emt 00:00:01]} 28. Ne4 {[%clk 00:09:43]} {[%emt 00:00:52]} Nxe4
{[%clk 00:02:49]} {[%emt 00:00:06]} 29. Bxe4 {[%clk 00:10:11]} {[%emt
00:00:02]} Nb3 {[%clk 00:03:03]} {[%emt 00:00:16]} 30. Bd5 {[%clk 00:10:22]}
{[%emt 00:00:19]} Nc5 {[%clk 00:03:28]} {[%emt 00:00:06]} 31. Qf2 {[%clk
00:07:05]} {[%emt 00:04:00]} Kg7 {[%clk 00:01:21]} {[%emt 00:02:37]} 32. Qg3
{[%clk 00:05:11]} {[%emt 00:02:24]} Kf6 {[%clk 00:01:50]} {[%emt 00:00:01]} 33.
a4 {[%clk 00:05:15]} {[%emt 00:00:27]} h5 {[%clk 00:01:27]} {[%emt 00:00:52]}
34. h4 {[%clk 00:05:12]} {[%emt 00:00:33]} gxh3 {[%clk 00:01:28]} {[%emt
00:00:29]} 35. Qxg5+ {[%clk 00:05:23]} {[%emt 00:00:19]} Kxg5 {[%clk 00:01:56]}
{[%emt 00:00:02]} 36. gxh3 {[%clk 00:03:38]} {[%emt 00:02:15]} Kf6 {[%clk
00:01:53]} {[%emt 00:00:33]} 37. Ra1 {[%clk 00:03:02]} {[%emt 00:01:06]} Rg8+
{[%clk 00:01:51]} {[%emt 00:00:32]} 38. Kf2 {[%clk 00:02:44]} {[%emt 00:00:48]}
h4 {[%clk 00:01:37]} {[%emt 00:00:44]} 39. a5 {[%clk 00:02:31]} {[%emt
00:00:43]} Kxf5 {[%clk 00:01:11]} {[%emt 00:00:57]} 40. axb6 {[%clk 00:02:37]}
{[%emt 00:00:24]} axb6 {[%clk 00:01:38]} {[%emt 00:00:01]} 41. Bxf7 {[%clk
00:01:16]} {[%emt 00:01:52]} Ne4+ {[%clk 00:01:32]} {[%emt 00:00:36]} 42. Kf1
{[%clk 00:01:14]} {[%emt 00:00:33]} Rg3 {[%emt 00:00:53]} 43. Ra6 {[%clk
00:01:02]} Rxh3 {[%clk 00:01:58]} {[%emt 00:00:23]} 44. Rxb6 {[%clk 00:01:24]}
{[%emt 00:00:08]} Rf3+ {[%clk 00:01:31]} {[%emt 00:00:56]} 45. Ke2 {[%clk
00:01:52]} {[%emt 00:00:02]} Rf2+ {[%clk 00:01:33]} {[%emt 00:00:29]} 46. Ke1
{[%clk 00:02:21]} {[%emt 00:00:02]} Rg2 {[%clk 00:01:58]} {[%emt 00:00:05]} 47.
Rh6 {[%clk 00:01:54]} {[%emt 00:00:56]} Ng5 {[%clk 00:01:14]} {[%emt 00:01:14]}
48. Bd5 {[%clk 00:00:52]} {[%emt 00:01:32]} e4 {[%clk 00:01:43]} {[%emt
00:00:01]} 49. b6 {[%clk 00:01:03]} {[%emt 00:00:19]} Rb2 {[%clk 00:00:57]}
{[%emt 00:01:15]} 50. b7 {[%clk 00:01:20]} {[%emt 00:00:13]} h3 {[%clk
00:01:01]} {[%emt 00:00:26]} 51. Kd1 {[%clk 00:01:28]} {[%emt 00:00:22]} Ke5
{[%clk 00:00:47]} {[%emt 00:00:44]} 52. Kc1 {[%clk 00:01:29]} {[%emt 00:00:29]}
Rb4 {[%clk 00:00:59]} {[%emt 00:00:18]} 53. Rh8 {[%clk 00:01:12]} {[%emt
00:00:47]} h2 {[%clk 00:00:38]} {[%emt 00:00:52]} 54. Rxh2 {[%clk 00:01:34]}
{[%emt 00:00:08]} Nf7 {[%clk 00:00:48]} {[%emt 00:00:20]} 55. Rb2 {[%clk
00:01:49]} {[%emt 00:00:15]} 1-0

[Event "Tournoi norme de MI"]
[Site "PARIS"]
[Date "????.??.??"]
[Round "7.5"]
[White "Vlachos, Anatole"]
[Black "Willems, Niels"]
[Result "1/2-1/2"]
[TimeControl "90mn+30s/c"]
[WhiteElo "2430"]
[BlackElo "2337"]

1. d4 {[%clk 01:16:23]} {[%emt 00:14:35]} Nf6 {[%clk 01:30:48]} {[%emt
00:00:12]} 2. Nc3 {[%clk 01:16:48]} {[%emt 00:00:05]} d5 {[%clk 01:31:11]}
{[%emt 00:00:07]} 3. Bf4 {[%clk 01:17:13]} {[%emt 00:00:05]} c5 {[%clk
01:31:30]} {[%emt 00:00:11]} 4. e4 {[%clk 01:17:39]} {[%emt 00:00:05]} Nxe4
{[%clk 01:31:54]} {[%emt 00:00:05]} 5. Nxe4 {[%clk 01:18:06]} {[%emt 00:00:04]}
dxe4 {[%clk 01:32:14]} {[%emt 00:00:10]} 6. dxc5 {[%clk 01:18:33]} {[%emt
00:00:03]} Qxd1+ {[%clk 01:32:25]} {[%emt 00:00:18]} 7. Rxd1 {[%clk 01:19:00]}
{[%emt 00:00:03]} Nc6 {[%clk 01:32:47]} {[%emt 00:00:09]} 8. Bb5 {[%clk
01:15:22]} {[%emt 00:04:08]} Bd7 {[%clk 01:33:07]} {[%emt 00:00:09]} 9. b4
{[%clk 01:13:09]} {[%emt 00:02:43]} g6 {[%clk 01:30:43]} {[%emt 00:02:54]} 10.
Ne2 {[%clk 01:10:30]} {[%emt 00:03:10]} Bg7 {[%clk 01:30:33]} {[%emt 00:00:40]}
11. O-O {[%clk 01:08:46]} {[%emt 00:02:15]} O-O-O {[%clk 01:29:42]} {[%emt
00:01:20]} 12. a3 {[%clk 01:07:10]} {[%emt 00:02:06]} f5 {[%clk 01:05:03]}
{[%emt 00:25:08]} 13. Rfe1 {[%clk 00:47:20]} {[%emt 00:20:20]} Be6 {[%clk
00:54:23]} {[%emt 00:11:10]} 14. Bd2 {[%clk 00:37:12]} {[%emt 00:10:39]} a6
{[%clk 00:44:22]} {[%emt 00:10:31]} 15. Bxc6 {[%clk 00:36:11]} {[%emt
00:01:32]} bxc6 {[%clk 00:44:50]} {[%emt 00:00:02]} 16. Bc3 {[%clk 00:36:35]}
{[%emt 00:00:05]} Bc4 {[%clk 00:43:40]} {[%emt 00:01:40]} 17. Bxg7 {[%clk
00:36:35]} {[%emt 00:00:30]} Rxd1 {[%clk 00:43:55]} {[%emt 00:00:15]} 18. Rxd1
{[%clk 00:37:01]} {[%emt 00:00:05]} Bxe2 {[%clk 00:44:18]} {[%emt 00:00:07]} 19.
Rd2 {[%clk 00:34:19]} {[%emt 00:03:12]} 1/2-1/2

[Event "Tournoi norme de MI"]
[Site "PARIS"]
[Date "????.??.??"]
[Round "7.3"]
[White "Bonte, Andrei-Mihai"]
[Black "Lazo, Andrei"]
[Result "0-1"]
[TimeControl "90mn+30s/c"]
[WhiteElo "2340"]
[BlackElo "2212"]

1. d4 {[%clk 01:30:55]} {[%emt 00:00:03]} d5 {[%clk 01:30:53]} {[%emt
00:00:08]} 2. Nf3 {[%clk 01:31:19]} {[%emt 00:00:05]} Nf6 {[%clk 01:31:14]}
{[%emt 00:00:09]} 3. c4 {[%clk 01:29:59]} {[%emt 00:01:50]} c6 {[%clk
01:31:39]} {[%emt 00:00:05]} 4. Nc3 {[%clk 01:30:20]} {[%emt 00:00:08]} a6
{[%clk 01:32:05]} {[%emt 00:00:05]} 5. g3 {[%clk 01:28:00]} {[%emt 00:02:49]}
dxc4 {[%clk 01:32:16]} {[%emt 00:00:20]} 6. Bg2 {[%clk 01:28:23]} {[%emt
00:00:07]} e6 {[%clk 01:31:49]} {[%emt 00:00:57]} 7. Ne5 {[%clk 01:27:06]}
{[%emt 00:01:46]} c5 {[%clk 01:27:32]} {[%emt 00:04:47]} 8. dxc5 {[%clk
01:22:09]} {[%emt 00:05:27]} Qxd1+ {[%clk 01:27:38]} {[%emt 00:00:23]} 9. Nxd1
{[%clk 01:22:31]} {[%emt 00:00:08]} Bxc5 {[%clk 01:28:04]} {[%emt 00:00:05]} 10.
O-O {[%clk 01:19:58]} {[%emt 00:03:02]} Ra7 {[%clk 01:27:53]} {[%emt 00:00:41]}
11. Nxc4 {[%clk 01:14:45]} {[%emt 00:05:42]} b5 {[%clk 01:27:33]} {[%emt
00:00:50]} 12. Bf4 {[%clk 01:11:40]} {[%emt 00:03:35]} Nbd7 {[%clk 01:27:16]}
{[%emt 00:00:47]} 13. Na5 {[%clk 01:04:08]} {[%emt 00:08:02]} e5 {[%clk
01:17:50]} {[%emt 00:09:55]} 14. Be3 {[%clk 00:57:29]} {[%emt 00:07:09]} Rc7
{[%clk 01:18:15]} {[%emt 00:00:05]} 15. Rc1 {[%clk 00:52:49]} {[%emt 00:05:09]}
Bb6 {[%clk 01:05:54]} {[%emt 00:12:51]} 16. Nc6 {[%clk 00:40:50]} {[%emt
00:12:29]} Ng4 {[%clk 00:37:08]} {[%emt 00:29:16]} 17. Bd2 {[%clk 00:34:26]}
{[%emt 00:06:54]} Bb7 {[%clk 00:35:51]} {[%emt 00:01:47]} 18. h3 {[%clk
00:31:18]} {[%emt 00:03:37]} Ngf6 {[%clk 00:36:17]} {[%emt 00:00:05]} 19. Ne3
{[%clk 00:31:33]} {[%emt 00:00:16]} Bxc6 {[%clk 00:31:09]} {[%emt 00:05:38]} 20.
Bxc6 {[%clk 00:31:22]} {[%emt 00:00:41]} O-O {[%clk 00:31:06]} {[%emt
00:00:34]} 21. Nf5 {[%clk 00:29:24]} {[%emt 00:02:27]} Bc5 {[%clk 00:29:51]}
{[%emt 00:01:45]} 22. Bg2 {[%clk 00:28:45]} {[%emt 00:01:09]} Rfc8 {[%clk
00:28:47]} {[%emt 00:01:34]} 23. b4 {[%clk 00:18:23]} {[%emt 00:10:51]} Bf8
{[%clk 00:29:01]} {[%emt 00:00:16]} 24. Bb7 {[%clk 00:18:30]} {[%emt 00:00:23]}
Rxc1 {[%clk 00:27:15]} {[%emt 00:02:17]} 25. Rxc1 {[%clk 00:18:54]} {[%emt
00:00:06]} Rxc1+ {[%clk 00:27:42]} {[%emt 00:00:03]} 26. Bxc1 {[%clk 00:19:16]}
{[%emt 00:00:08]} Nb8 {[%clk 00:27:10]} {[%emt 00:01:02]} 27. a3 {[%clk
00:18:58]} {[%emt 00:00:48]} g6 {[%clk 00:27:18]} {[%emt 00:00:21]} 28. Nh6+
{[%clk 00:16:00]} {[%emt 00:03:28]} Kg7 {[%clk 00:26:40]} {[%emt 00:01:08]} 29.
Ng4 {[%clk 00:14:55]} {[%emt 00:01:35]} Nfd7 {[%clk 00:26:04]} {[%emt
00:01:07]} 30. f4 {[%clk 00:14:39]} {[%emt 00:00:45]} f6 {[%clk 00:22:50]}
{[%emt 00:03:45]} 31. fxe5 {[%clk 00:15:02]} {[%emt 00:00:07]} fxe5 {[%clk
00:23:09]} {[%emt 00:00:10]} 32. Bd5 {[%clk 00:12:59]} {[%emt 00:02:33]} Bd6
{[%clk 00:20:34]} {[%emt 00:03:05]} 33. Bh6+ {[%clk 00:12:46]} {[%emt
00:00:42]} Kh8 {[%clk 00:21:02]} {[%emt 00:00:02]} 34. Kg2 {[%clk 00:11:58]}
{[%emt 00:01:18]} Nb6 {[%clk 00:20:37]} {[%emt 00:00:56]} 35. Be6 {[%clk
00:12:21]} {[%emt 00:00:07]} Nc6 {[%clk 00:20:10]} {[%emt 00:00:58]} 36. Nf6
{[%clk 00:08:02]} {[%emt 00:04:48]} Nd8 {[%clk 00:19:18]} {[%emt 00:01:22]} 37.
Ba2 {[%emt 00:01:18]} Nc4 {[%clk 00:19:03]} 38. Ne8 {[%clk 00:05:54]} {[%emt
00:02:35]} Bb8 {[%clk 00:18:55]} {[%emt 00:00:38]} 39. Kf3 {[%emt 00:04:36]}
Ne6 {[%clk 00:15:10]} 40. Ke4 {[%clk 00:06:06]} {[%emt 00:00:27]} Nd4 {[%clk
00:14:26]} {[%emt 00:01:14]} 41. Kd3 {[%clk 00:03:29]} {[%emt 00:03:07]} Nf5
{[%clk 00:14:26]} {[%emt 00:00:31]} 42. Bg5 {[%clk 00:02:52]} {[%emt 00:01:07]}
h6 {[%clk 00:14:23]} {[%emt 00:00:33]} 43. Bf6+ {[%clk 00:02:42]} {[%emt
00:00:40]} Kg8 {[%clk 00:14:15]} {[%emt 00:00:38]} 44. g4 {[%clk 00:02:54]}
{[%emt 00:00:18]} Ng3 {[%clk 00:07:20]} {[%emt 00:07:25]} 45. e4 {[%clk
00:00:49]} {[%emt 00:02:34]} Kf7 {[%clk 00:07:33]} {[%emt 00:00:17]} 46. Bh4
{[%clk 00:00:57]} {[%emt 00:00:22]} Nxe4 {[%clk 00:07:26]} {[%emt 00:00:38]} 47.
Kxe4 {[%clk 00:00:50]} {[%emt 00:00:37]} Kxe8 {[%clk 00:07:55]} {[%emt
00:00:01]} 48. a4 {[%clk 00:00:52]} {[%emt 00:00:28]} Nd6+ {[%clk 00:07:34]}
{[%emt 00:00:51]} 49. Kd5 {[%clk 00:01:16]} {[%emt 00:00:06]} bxa4 {[%clk
00:07:50]} {[%emt 00:00:14]} 50. Bf2 {[%clk 00:01:03]} {[%emt 00:00:42]} Nb5
{[%clk 00:05:55]} {[%emt 00:02:26]} 51. Kc4 {[%clk 00:01:27]} {[%emt 00:00:05]}
Ke7 {[%clk 00:05:35]} {[%emt 00:00:51]} 52. Be3 {[%clk 00:01:29]} {[%emt
00:00:27]} g5 {[%clk 00:05:34]} {[%emt 00:00:30]} 53. Bd2 {[%clk 00:01:39]}
{[%emt 00:00:21]} Ba7 {[%clk 00:05:37]} {[%emt 00:00:28]} 54. Kd5 {[%clk
00:02:03]} {[%emt 00:00:06]} Bd4 {[%clk 00:05:47]} {[%emt 00:00:20]} 55. Bc4
{[%clk 00:01:40]} {[%emt 00:00:52]} a3 {[%clk 00:05:28]} {[%emt 00:00:49]} 56.
Kc6 {[%clk 00:00:43]} {[%emt 00:01:27]} Nd6 {[%clk 00:04:45]} {[%emt 00:01:13]}
57. Ba2 {[%clk 00:00:44]} {[%emt 00:00:29]} Ne4 {[%clk 00:05:03]} {[%emt
00:00:12]} 58. Bc1 {[%clk 00:00:58]} {[%emt 00:00:16]} Bb2 {[%clk 00:05:02]}
{[%emt 00:00:31]} 59. Be3 {[%clk 00:00:48]} {[%emt 00:00:40]} Nc3 {[%clk
00:05:22]} {[%emt 00:00:11]} 60. Bc5+ {[%clk 00:00:39]} {[%emt 00:00:38]} Kf6
{[%clk 00:05:39]} {[%emt 00:00:13]} 61. Bc4 {[%clk 00:00:36]} {[%emt 00:00:33]}
a2 {[%clk 00:05:46]} {[%emt 00:00:24]} 62. Kd7 {[%clk 00:00:39]} {[%emt
00:00:28]} a1=Q {[%clk 00:05:18]} {[%emt 00:00:57]} 63. Be7+ {[%clk 00:01:02]}
{[%emt 00:00:06]} Kg7 {[%clk 00:05:39]} {[%emt 00:00:09]} 64. Ke8 {[%clk
00:01:16]} {[%emt 00:00:16]} Qa4+ {[%clk 00:05:50]} {[%emt 00:00:19]} 0-1

[Event "Tournoi norme de MI"]
[Site "PARIS"]
[Date "????.??.??"]
[Round "7.4"]
[White "Roshka, Yevgeniy"]
[Black "Navrotescu, Andreea"]
[Result "1-0"]
[TimeControl "90mn+30s/c"]
[WhiteElo "2501"]
[BlackElo "2228"]

1. d4 {[%clk 01:30:38]} {[%emt 00:00:12]} d5 {[%clk 01:30:58]} {[%emt
00:00:11]} 2. c4 {[%clk 01:31:03]} {[%emt 00:00:06]} e6 {[%clk 01:31:23]}
{[%emt 00:00:05]} 3. Nf3 {[%clk 01:31:30]} {[%emt 00:00:03]} Nf6 {[%clk
01:31:47]} {[%emt 00:00:06]} 4. cxd5 {[%clk 01:29:35]} {[%emt 00:02:25]} exd5
{[%clk 01:32:09]} {[%emt 00:00:08]} 5. Nc3 {[%clk 01:30:03]} {[%emt 00:00:03]}
c6 {[%clk 01:27:53]} {[%emt 00:04:46]} 6. Bg5 {[%clk 01:29:44]} {[%emt
00:00:49]} Be7 {[%clk 01:26:26]} {[%emt 00:01:57]} 7. Qc2 {[%clk 01:30:04]}
{[%emt 00:00:10]} g6 {[%clk 01:26:37]} {[%emt 00:00:19]} 8. e3 {[%clk
01:28:47]} {[%emt 00:01:48]} Bf5 {[%clk 01:26:58]} {[%emt 00:00:09]} 9. Bd3
{[%clk 01:26:30]} {[%emt 00:02:47]} Bxd3 {[%clk 01:27:16]} {[%emt 00:00:12]} 10.
Qxd3 {[%clk 01:26:56]} {[%emt 00:00:04]} O-O {[%clk 01:27:16]} {[%emt
00:00:30]} 11. O-O {[%clk 01:26:30]} {[%emt 00:00:56]} Re8 {[%clk 01:23:29]}
{[%emt 00:04:17]} 12. Nd2 {[%clk 01:19:45]} {[%emt 00:07:15]} Nh5 {[%clk
01:18:33]} {[%emt 00:05:25]} 13. Bxe7 {[%clk 01:18:53]} {[%emt 00:01:22]} Qxe7
{[%clk 01:18:58]} {[%emt 00:00:04]} 14. e4 {[%clk 01:13:20]} {[%emt 00:06:04]}
dxe4 {[%clk 01:17:22]} {[%emt 00:02:07]} 15. Ndxe4 {[%clk 01:13:44]} {[%emt
00:00:06]} Nd7 {[%clk 01:15:46]} {[%emt 00:02:06]} 16. Qd2 {[%clk 01:08:42]}
{[%emt 00:05:32]} Ndf6 {[%clk 01:10:52]} {[%emt 00:05:23]} 17. f3 {[%clk
01:08:32]} {[%emt 00:00:40]} Rad8 {[%clk 01:09:53]} {[%emt 00:01:29]} 18. Rad1
{[%clk 01:08:48]} {[%emt 00:00:14]} Nd5 {[%clk 00:57:54]} {[%emt 00:12:30]} 19.
Rfe1 {[%emt 00:04:40]} Nhf4 {[%clk 00:54:23]} 20. g3 {[%clk 01:07:07]} {[%emt
00:02:02]} Ne6 {[%clk 00:53:27]} {[%emt 00:01:26]} 21. Nc5 {[%clk 01:05:30]}
{[%emt 00:02:07]} Qf6 {[%clk 00:44:26]} {[%emt 00:09:31]} 22. N5e4 {[%clk
00:52:21]} {[%emt 00:13:39]} Qxf3 {[%clk 00:29:40]} {[%emt 00:15:17]} 23. Qh6
{[%clk 00:50:56]} {[%emt 00:01:55]} Kh8 {[%clk 00:29:49]} {[%emt 00:00:21]} 24.
Rd2 {[%clk 00:44:13]} {[%emt 00:07:13]} Ndf4 {[%clk 00:23:14]} {[%emt
00:07:05]} 25. gxf4 {[%clk 00:44:31]} {[%emt 00:00:12]} Nxd4 {[%clk 00:18:19]}
{[%emt 00:05:25]} 26. Rf2 {[%clk 00:33:20]} {[%emt 00:11:41]} Qg4+ {[%clk
00:14:28]} {[%emt 00:04:21]} 27. Kf1 {[%clk 00:33:03]} {[%emt 00:00:47]} Nf3
{[%clk 00:09:17]} {[%emt 00:05:41]} 28. Rg2 {[%clk 00:33:28]} {[%emt 00:00:05]}
Qe6 {[%clk 00:06:30]} {[%emt 00:03:17]} 29. Re3 {[%clk 00:23:07]} {[%emt
00:10:51]} Nd2+ {[%clk 00:04:58]} {[%emt 00:02:01]} 30. Rxd2 {[%clk 00:22:50]}
{[%emt 00:00:48]} Rxd2 {[%clk 00:05:20]} {[%emt 00:00:08]} 31. Nf6 {[%clk
00:21:47]} {[%emt 00:01:33]} Rf2+ {[%clk 00:02:04]} {[%emt 00:03:46]} 32. Kg1
{[%clk 00:22:11]} {[%emt 00:00:05]} 1-0